Statistiques concernant Pays ayant le plus de catholiques

Cliquez ici pour prendre le quiz!

Statistiques générales

  • Ce quiz a été pris 4,931 fois
  • Le résultat moyen est 14 sur 20

Statistiques - réponses

# Pays % Correct
40,0 mFrance
99%
125 mBrésil
97%
32,4 mEspagne
95%
66,6 mEtats-Unis
94%
50,5 mItalie
94%
29,8 mArgentine
92%
98,8 mMexique
90%
13,8 mCanada
86%
23,6 mAllemagne
83%
36,0 mColombie
82%
23,7 mPérou
78%
22,2 mVenezuela
71%
33,0 mPologne
68%
28,3 mR. D. Congo
61%
15,4 mInde
58%
11,3 mÉquateur
49%
23,9 mNigeria
46%
81,4 mPhilippines
42%
12,2 mTanzanie
19%
14,6 mOuganda
13%

Distribution des résultats

Percentile par nombre de réponses

% des personnes avec chaque résultat

Votre développement - résultats

Vous n’avez pas pris ce quiz